Sinfonía sublime (Record no. 145311)

MARC details
000 -LEADER
campo de control de longitud fija 00493nam a2200157 4500
001 - NÚMERO DE CONTROL
campo de control 145311
003 - IDENTIFICADOR DE NÚMERO DE CONTROL
campo de control ES-MaACL
005 - FECHA Y HORA DE LA ÚLTIMA TRANSACCIÓN
campo de control 20230906201215.0
007 - CAMPO FIJO DE DESCRIPCIÓN FÍSICA--INFORMACIÓN GENERAL
campo de control de longitud fija t|
008 - DATOS DE LONGITUD FIJA--INFORMACIÓN GENERAL
campo de control de longitud fija 070214s1942 sp r ||||1| spa d
100 1# - ENTRADA PRINCIPAL--NOMBRE DE PERSONA
Nombre de persona Soria Marco, Bonifacio.
9 (RLIN) 107366
245 10 - MENCIÓN DEL TÍTULO
Título Sinfonía sublime
Resto del título : novela biográfica sobre Luis de Beethoven /
Mención de responsabilidad, etc. B. Soria Marco.
260 ## - PUBLICACIÓN, DISTRIBUCIÓN, ETC.
Lugar de publicación, distribución, etc. Madrid :
Nombre del editor, distribuidor, etc. Patria Hispana,
Fecha de publicación, distribución, etc. 1942 (
Fabricante Imp. Sánchez Leal)
300 ## - DESCRIPCIÓN FÍSICA
Extensión 207 p. ;
Dimensiones 19 cm.
852 ## - LOCALIZACIÓN
Ubicación ES-MaACL
Número de control de estantería F-15416
Sublocalización o colección R.19497
Holdings
Estatus retirado Estado de pérdida Estado de daño No para préstamo Biblioteca de origen Biblioteca actual Ubicación en estantería Fecha de adquisición Fuente de adquisición Total de préstamos Signatura topográfica completa Código de barras Visto por última vez Precio de reemplazo Tipo de ítem Koha
        Biblioteca del Ateneo de Madrid Biblioteca del Ateneo de Madrid Sala Pecera Planta 2 17/01/2008     F-15416 1151682 23/02/2023 23/02/2023 Libro impreso